El hombre unidimensional: ensayo sobre la ideología de la sociedad industrial avanzada

Esta obra es un análisis de las modernas sociedades occidentales que bajo un disfraz seudo democrático, esconden una estructura totalitaria basada en la lucha de clases.

Gespeichert in:
Bibliographische Detailangaben
1. Verfasser: Marcuse, Herbert
Format: Buch
Sprache:Spanish
Veröffentlicht: Barcelona: Editorial Ariel, 1994
Ausgabe:2 ed.
Schriftenreihe:Colección Ariel; No. 23
Schlagworte:
Online Zugang:Enlace del recurso
Tags: Tag hinzufügen
Keine Tags, Fügen Sie den ersten Tag hinzu!

MARC

LEADER 00000nam a2200000 a 4500
001 001063
008 030606s1994 sp # fr## #000|0#spa#d
020 |a 84-344-1022-2 
041 0 |a spa 
043 |a e-sp--- 
082 0 4 |a 301.634  |b M161h 
100 1 |a Marcuse, Herbert 
245 1 3 |a El hombre unidimensional:  |b ensayo sobre la ideología de la sociedad industrial avanzada   |c Herbert Marcuse 
250 |a 2 ed. 
260 |a Barcelona:  |b Editorial Ariel,  |c 1994 
300 |a 286 p. 
440 0 |a Colección Ariel;  |v No. 23 
520 3 |a Esta obra es un análisis de las modernas sociedades occidentales que bajo un disfraz seudo democrático, esconden una estructura totalitaria basada en la lucha de clases. 
534 |p Título original:  |t One-dimensional men 
650 1 4 |a CIVILIZACIÓN MODERNA 
650 1 4 |a INDUSTRIA 
999 |c 3215  |d 3215 
856 |u https://catalogo.idep.edu.co/cgi-bin/koha/opac-detail.pl?biblionumber=3215  |z Enlace del recurso